Statistiques concernant Les Patronus dans Harry Potter

Cliquez ici pour prendre le quiz!

Statistiques générales

  • Ce quiz a été pris 28 fois
  • Le résultat moyen est 11 sur 19

Statistiques - réponses

HintRéponse% Correct
Dolores OmbrageChat
91%
Minerva McGonagallChat
91%
Harry PotterCerf
86%
Severus RogueBiche
82%
TonksLoup
82%
Remus LupinLoup
82%
Hermione GrangerLoutre
82%
Albus DumbledorePhénix
68%
Ginny WeasleyCheval
64%
Luna LovegoodLièvre
64%
Arthur WeasleyBelette
55%
Ron WeasleyJack Russel Terrier
50%
Cho ChangCygne
41%
George WeasleyPie
41%
Fred WeasleyPie
41%
Seamus FinniganRenard
41%
Kingsley ShaLynx
36%
Alberfoth DumbledoreBouc
32%
Drago Malefoyaucun
5%

Distribution des résultats

Percentile par nombre de réponses

% des personnes avec chaque résultat

Votre développement - résultats

Vous n’avez pas pris ce quiz